La carrière de Yann M'Vila - Statistiques

Statistiques générales
  • Ce quiz a été pris 14 fois
  • Le résultat moyen est 3 sur 8
Statistiques - réponses
Année Match Club % Correct
2018 - 2020 91 AS Saint-Étienne
71%
2008 - 2013 150 Stade Rennais FC
71%
2024 - actuel 30 SM Caen
57%
2013 - 2018 80 Rubin Kazan
50%
2020 - 2023 140 Olympiakos
36%
2014 - 2015 14 Inter Milan
14%
2024 9 West Bromwich Albion
14%
2015 - 2016 40 Sunderland AFC
7%
Aucun quiz correspondant
Distribution des résultats
% des personnes avec chaque résultat
Percentile par nombre de réponses
Votre historique - résultats
Vous n’avez pas pris ce quiz